000
00202 a2200097 4500
001
45377
100
_a
Stark F
245
_a
A winter in Arabia
260
_a
London
_b
Century
_c
090
_c
28538
_d
28538
942
_a
NUST-CAE
_c
M
_c
20600
999
_c
280450
_d
280450